00520nam a2200181 a 4500001001300000003000900013005001700022008004100039020001000080082002000090100002100110245009800131260002300229300000800252500003500260650002200295700002100317nice12345678IN_TiNIC20260116014237.0070312s2000 dela grd 000 0 eng  ac10000a324.245408bKAN aKanungo, Pralaya aHistory of Rashtriya Swayam Sevak Sangh (RSS), Civil Society and Stateb Lessons from Gujarat aDelhibAnhadc2000 a00p aincludes index and biblioraphy aCommunalism-India1 aKanungo, Pralaya